<?xml version="1.0" encoding="UTF-8"?>
<record
    xmlns:xsi="http://www.w3.org/2001/XMLSchema-instance"
    xsi:schemaLocation="http://www.loc.gov/MARC21/slim http://www.loc.gov/standards/marcxml/schema/MARC21slim.xsd"
    xmlns="http://www.loc.gov/MARC21/slim">

  <leader>00721nam a22001937a 4500</leader>
  <datafield tag="999" ind1=" " ind2=" ">
    <subfield code="c">168727</subfield>
    <subfield code="d">168727</subfield>
  </datafield>
  <controlfield tag="005">20191022160326.0</controlfield>
  <datafield tag="010" ind1=" " ind2=" ">
    <subfield code="a">UR-10544</subfield>
  </datafield>
  <datafield tag="020" ind1=" " ind2=" ">
    <subfield code="c">200.00</subfield>
    <subfield code="a">9788193780831</subfield>
  </datafield>
  <datafield tag="035" ind1=" " ind2=" ">
    <subfield code="a">U-9099</subfield>
  </datafield>
  <datafield tag="037" ind1=" " ind2=" ">
    <subfield code="b">DBAD/PUB</subfield>
    <subfield code="a">-</subfield>
  </datafield>
  <datafield tag="082" ind1=" " ind2=" ">
    <subfield code="a">841</subfield>
  </datafield>
  <datafield tag="100" ind1=" " ind2=" ">
    <subfield code="a">&#x639;&#x632; &#x64A;&#x632; &#x627;&#x644;&#x644;&#x6C1; &#x634;&#x64A;&#x631; &#x627; &#x646;&#x6CC; &#x639;&#x632; &#x64A;&#x632;  </subfield>
  </datafield>
  <datafield tag="245" ind1=" " ind2=" ">
    <subfield code="a">&#x686;&#x6C1;&#x686;&#x6C1;&#x627; &#x679; (&#x628;&#x686;&#x648; &#x6BA; &#x6A9;&#x6CC; &#x646;&#x638;&#x645;&#x64A;&#x6BA;)</subfield>
    <subfield code="c">&#x639;&#x632; &#x64A;&#x632; &#x627;&#x644;&#x644;&#x6C1; &#x634;&#x64A;&#x631; &#x627; &#x646;&#x6CC; &#x639;&#x632; &#x64A;&#x632; </subfield>
  </datafield>
  <datafield tag="246" ind1=" " ind2=" ">
    <subfield code="b">Cheh Chaha Hat (Urdu)</subfield>
    <subfield code="a">by Azizullah Sheerani</subfield>
  </datafield>
  <datafield tag="260" ind1=" " ind2=" ">
    <subfield code="a">N.Delhi</subfield>
    <subfield code="b">Markazi Maktaba Islami Publishers</subfield>
    <subfield code="c">2008 &#x621;</subfield>
  </datafield>
  <datafield tag="270" ind1=" " ind2=" ">
    <subfield code="a">Farhat Manzil,Kali Paltan,Dewanji ke Kuaiyn ke Pass ,Tonk,</subfield>
    <subfield code="b">Rajisthan,</subfield>
    <subfield code="e">304001</subfield>
    <subfield code="k">9214984819</subfield>
    <subfield code="l">-</subfield>
  </datafield>
  <datafield tag="300" ind1=" " ind2=" ">
    <subfield code="a">112 &#x635; </subfield>
    <subfield code="c">22 Cm(Hb)</subfield>
  </datafield>
  <datafield tag="942" ind1=" " ind2=" ">
    <subfield code="2">ddc</subfield>
    <subfield code="c">UR</subfield>
    <subfield code="h">841</subfield>
    <subfield code="m">&#x639; &#x632; &#x6CC; </subfield>
  </datafield>
  <datafield tag="952" ind1=" " ind2=" ">
    <subfield code="0">0</subfield>
    <subfield code="1">0</subfield>
    <subfield code="4">0</subfield>
    <subfield code="7">1</subfield>
    <subfield code="8">NFIC</subfield>
    <subfield code="a">DBAD</subfield>
    <subfield code="b">DBAD</subfield>
    <subfield code="d">2019-10-22</subfield>
    <subfield code="e">DBAD/PUB</subfield>
    <subfield code="g">200.00</subfield>
    <subfield code="l">0</subfield>
    <subfield code="o">841 &#x639; &#x632; &#x6CC;</subfield>
    <subfield code="p">U-9099</subfield>
    <subfield code="r">2019-10-22 00:00:00</subfield>
    <subfield code="t">1</subfield>
    <subfield code="v">200.00</subfield>
    <subfield code="w">2019-10-22</subfield>
    <subfield code="y">UR</subfield>
  </datafield>
</record>
